NerovnováhA jiné povídky /

Hlavní autor: Weinberger, Jiří, 1946-
Jazyk: Čeština
Vydáno: Praha : Baronet, 2011
Vydání: Vyd. 1.
Témata:
Fyzický popis: 78 s. ; 20 cm
Knihy
Uloženo v:
LEADER 01060cam a2200325 a 4500
001 nkc20112160671
003 CZ PrNK
005 20140523174127.0
007 ta
008 110303s2011 xr g 000 j cze d
015 |a cnb002160671 
020 |a 978-80-7384-375-5  |q (brož.) 
035 |a (OCoLC)880868010 
040 |a KLG001  |b cze  |d OLA001  |d ABA001 
072 7 |a 821.162.3-3  |x Česká próza  |2 Konspekt  |9 25 
080 |a 821.162.3-32  |2 MRF 
080 |a (0:82-32)  |2 MRF 
100 1 |a Weinberger, Jiří,  |d 1946-  |7 mzk2004228211  |4 aut 
245 1 0 |a NerovnováhA jiné povídky /  |c Jiří Weinberger 
246 1 |i Hřbetní název a název v tiráži:  |a Nerovnováha a jiné povídky 
250 |a Vyd. 1. 
260 |a Praha :  |b Baronet,  |c 2011 
300 |a 78 s. ;  |c 20 cm 
655 7 |a české povídky  |7 fd133971  |2 czenas 
655 9 |a Czech short stories  |2 eczenas 
910 2 |a BOA001  |b 2-1270.075 
990 |a BK 
995 |a 01 
991 |b 201107  |e b 
996 6 |b 2610483722  |c 2-1270.075  |l MZK  |r Sklad / do 1 hodiny  |n 0  |p p.v.  |w 001190743  |u 000010  |a 1  |e BOA001  |j MZK50  |s P